Statistics for Guild Wars 2 (Classes and Elite Specs)

Click here to take the quiz!

General Stats

  • This quiz has been taken 83 times
  • The average score is 20 of 27

Answer Stats

Answer% Correct
Warrior
100%
Guardian
98%
Engineer
95%
Mesmer
91%
Revenant
89%
Elementalist
87%
Necromancer
85%
Ranger
85%
Deadeye
75%
Dragonhunter
75%
Scourge
71%
Chronomancer
69%
Druid
69%
Firebrand
69%
Mirage
67%
Reaper
67%
Weaver
67%
Berserker
65%
Holosmith
65%
Daredevil
64%
Herald
64%
Soulbeast
64%
Tempest
64%
Scrapper
62%
Spellbreaker
58%
Theif
53%
Renegade
51%

Score Distribution

Percentile by Number Answered

Percent of People with Each Score

Your Score History

You have not taken this quiz